Mystery of king Karfu (The) / (Record no. 111654)
[ view plain ]
| 000 -LEADER | |
|---|---|
| fixed length control field | 00657nam a2200181 a 4500 |
| 001 - CONTROL NUMBER | |
| control field | 2347 |
| 005 - DATE AND TIME OF LATEST TRANSACTION | |
| control field | 20140414131919.0 |
| 008 - FIXED-LENGTH DATA ELEMENTS--GENERAL INFORMATION | |
| fixed length control field | 010323s19uu xx 00 eng d |
| 020 ## - INTERNATIONAL STANDARD BOOK NUMBER | |
| International Standard Book Number | 0-06-443503-2 |
| 050 ## - LIBRARY OF CONGRESS CALL NUMBER | |
| Classification number | ER |
| Item number | My99 1996 |
| 245 ## - TITLE STATEMENT | |
| Title | Mystery of king Karfu (The) / |
| Statement of responsibility, etc | Dough Cushman. |
| 260 ## - PUBLICATION, DISTRIBUTION, ETC. (IMPRINT) | |
| Place of publication, distribution, etc | [s.l.] : |
| Name of publisher, distributor, etc | A Trophy Picture Book, |
| Date of publication, distribution, etc | 1996. |
| 300 ## - PHYSICAL DESCRIPTION | |
| Extent | 1 v. p. : ill. ; cm. |
| 520 ## - SUMMARY, ETC. | |
| Summary, etc | The great detective Seymour Sleuth and his assistant Muggs journey to Egypt to searh for a missing stone chicken, an important clue to the Lost Treasure of King Karfu. |
| 650 ## - SUBJECT ADDED ENTRY--TOPICAL TERM | |
| Topical term or geographic name as entry element | Egypt |
| General subdivision | Fiction. |
| 650 ## - SUBJECT ADDED ENTRY--TOPICAL TERM | |
| Topical term or geographic name as entry element | Mystery and detective stories. |
| Withdrawn status | Lost status | Damaged status | Use restrictions | Home library | Current library | Shelving location | Date acquired | Source of acquisition | Cost, normal purchase price | Total Checkouts | Full call number | Barcode | Date last seen | Price effective from | Koha item type |
|---|---|---|---|---|---|---|---|---|---|---|---|---|---|---|---|
| Munich Library | Munich Library | Easy Reading Section | 05/26/2005 | 330.00 | ER My99 1996 | M2488 | 04/14/2014 | 04/14/2014 | Books |